[Event "SVK-chT2A 1415"]
[Site "Slovakia"]
[Date "2014.11.09"]
[Round "4.4"]
[White "Meszaros, Lorant"]
[Black "Hulla, Stanislav"]
[Result "1-0"]
[WhiteElo "2071"]
[BlackElo "1959"]
[PlyCount "38"]
[EventDate "2014.10.11"]
[EventType "team-tourn"]
[EventRounds "11"]
[EventCountry "SVK"]
[SourceTitle "EXT 2016"]
[Source "ChessBase"]
[SourceDate "2015.10.08"]
[SourceVersion "1"]
[SourceVersionDate "2015.10.08"]
[SourceQuality "1"]
[WhiteTeam "Potonska Veza"]
[BlackTeam "Pezinok"]
[WhiteTeamCountry "SVK"]
[BlackTeamCountry "SVK"]

1. d4 d5 2. c4 e6 3. Nf3 Nf6 4. g3 Nbd7 5. Bg2 c6 6. 0-0 Be7 7. b3 0-0 8. Qc2 Ne4 9. Bb2 f5 10. Ne1 Ng5 11. e3 Qe8 12. Qe2 Qg6 13. f3 Nf7 14. Nd2 h5 15. f4 Nh6 16. Ndf3 Ng4 17. Bc3 Re8 18. Rc1 Ngf6 19. Qf2 Qg4 1-0

[Event "SVK-chT2A 1415"]
[Site "Slovakia"]
[Date "2014.10.12"]
[Round "2.6"]
[White "Hulla, Stanislav"]
[Black "Puchart, Vladimir"]
[Result "0-1"]
[WhiteElo "1959"]
[BlackElo "2031"]
[PlyCount "79"]
[EventDate "2014.10.11"]
[EventType "team-tourn"]
[EventRounds "11"]
[EventCountry "SVK"]
[SourceTitle "EXT 2016"]
[Source "ChessBase"]
[SourceDate "2015.10.08"]
[SourceVersion "1"]
[SourceVersionDate "2015.10.08"]
[SourceQuality "1"]
[WhiteTeam "Pezinok"]
[BlackTeam "Trnava Lokomotiva II"]
[WhiteTeamCountry "SVK"]
[BlackTeamCountry "SVK"]

1. d4 Nf6 2. c4 e6 3. Nf3 b6 4. e3 Bb7 5. Bd3 Be7 6. Nc3 d5 7. 0-0 0-0 8. b3 Nbd7 9. Bb2 c5 10. Qe2 Rc8 11. Rac1 Ne4 12. Rfd1 Ndf6 13. Ne5 Qc7 14. f3 Nxc3 15. Rxc3 Rfd8 16. Rc2 Qb8 17. Qf2 cxd4 18. exd4 g6 19. Qe2 Rc7 20. Re1 Qc8 21. Rec1 Qb8 22. a3 Rcc8 23. Kh1 Ba6 24. Re1 Qd6 25. Qe3 dxc4 26. bxc4 Bb7 27. Rec1 Nd7 28. Ng4 Bf8 29. Nh6+ Kg7 30. Ng4 f6 31. h4 Re8 32. h5 g5 33. Be4 Bxe4 34. fxe4 Qe7 35. e5 fxe5 36. d5 exd5 37. cxd5 Rxc2 38. Rxc2 Kg8 39. h6 Qf7 40. Kg1 0-1

[Event "SVK-chT2A 1314"]
[Site "Slovakia"]
[Date "2014.02.22"]
[Round "8.7"]
[White "Hulla, Stanislav"]
[Black "Faltan, Peter"]
[Result "1/2-1/2"]
[WhiteElo "1978"]
[BlackElo "1988"]
[PlyCount "56"]
[EventDate "2013.10.19"]
[EventType "team-tourn"]
[EventRounds "11"]
[EventCountry "SVK"]
[SourceTitle "EXT 2015"]
[Source "ChessBase"]
[SourceDate "2014.11.20"]
[SourceVersion "1"]
[SourceVersionDate "2014.11.20"]
[SourceQuality "1"]
[WhiteTeam "Pezinok"]
[BlackTeam "Krasnany"]
[WhiteTeamCountry "SVK"]
[BlackTeamCountry "SVK"]

1. d4 d5 2. c4 e6 3. Nc3 Nf6 4. cxd5 exd5 5. Bg5 Be7 6. Qc2 0-0 7. e3 c6 8. Bd3 h6 9. Bh4 a5 10. Nge2 Na6 11. a3 Be6 12. 0-0 c5 13. Bf5 Qd7 14. Bxe6 fxe6 15. Nf4 Bd6 16. Ng6 Rf7 17. f4 Qe8 18. Rf3 Rc8 19. Qe2 Nd7 20. Ne5 Nxe5 21. fxe5 Rxf3 22. Qxf3 Bf8 23. Rf1 Nc7 24. a4 cxd4 25. exd4 Bb4 26. b3 Qg6 27. Ne2 Rf8 28. Qe3 Rxf1+ 1/2-1/2

[Event "SVK-chT2A 1314"]
[Site "Slovakia"]
[Date "2014.01.12"]
[Round "6.6"]
[White "Puskar, Peter"]
[Black "Hulla, Stanislav"]
[Result "1-0"]
[WhiteElo "2063"]
[BlackElo "1978"]
[PlyCount "71"]
[EventDate "2013.10.19"]
[EventType "team-tourn"]
[EventRounds "11"]
[EventCountry "SVK"]
[SourceTitle "EXT 2015"]
[Source "ChessBase"]
[SourceDate "2014.11.20"]
[SourceVersion "1"]
[SourceVersionDate "2014.11.20"]
[SourceQuality "1"]
[WhiteTeam "Trnava Lokomotiva II"]
[BlackTeam "Pezinok"]
[WhiteTeamCountry "SVK"]
[BlackTeamCountry "SVK"]

1. d4 Nf6 2. c4 g6 3. Nc3 d5 4. cxd5 Nxd5 5. e4 Nxc3 6. bxc3 Bg7 7. Bc4 c5 8. Ne2 Nc6 9. Be3 0-0 10. 0-0 Na5 11. Bd3 b6 12. dxc5 Be6 13. cxb6 axb6 14. Bd4 Bc4 15. f4 Qc7 16. e5 Bxd3 17. Qxd3 Nc4 18. Rfb1 Ra4 19. Rb4 Rfa8 20. Rab1 R8a6 21. Rxa4 Rxa4 22. Rb4 Qc6 23. Rxa4 Qxa4 24. Bxb6 Nxb6 25. Qd8+ Bf8 26. Qxb6 Qxa2 27. Qe3 e6 28. h3 h5 29. Ng3 Qb1+ 30. Kh2 Kg7 31. Ne4 Ba3 32. c4 Bc1 33. Qf3 Qc2 34. c5 Bb2 35. Ng5 Qxc5 36. Qb7 1-0

[Event "Bratislava Doprastav op"]
[Site "Bratislava"]
[Date "2010.07.04"]
[Round "4"]
[White "Hulla, Stanislav"]
[Black "Zdrazil, Bohumir"]
[Result "1-0"]
[WhiteElo "1594"]
[BlackElo "1931"]
[PlyCount "99"]
[EventDate "2010.07.02"]
[EventType "swiss"]
[EventRounds "9"]
[EventCountry "SVK"]
[SourceTitle "EXT 2012"]
[Source "ChessBase"]
[SourceDate "2011.11.24"]
[SourceVersion "1"]
[SourceVersionDate "2011.11.24"]
[SourceQuality "1"]

1. d4 d5 2. c4 c6 3. Nf3 e6 4. e3 Nf6 5. b3 Nbd7 6. Bd3 Bd6 7. 0-0 b6 8. Ba3 Qe7 9. Bxd6 Qxd6 10. Nc3 Bb7 11. Rc1 Rc8 12. Qe2 0-0 13. Rfd1 Qb8 14. e4 dxe4 15. Nxe4 Nxe4 16. Bxe4 Nf6 17. Bb1 c5 18. Ne5 Rfd8 19. dxc5 bxc5 20. Qe3 Qc7 21. f4 Ba8 22. h3 Qb7 23. Nf3 Qc7 24. Kh2 Rd6 25. Rxd6 Qxd6 26. Bc2 Nh5 27. Ne5 Qc7 28. Rd1 Qb7 29. Nf3 Qc7 30. Ne5 Qb7 31. Rd2 g6 32. Qf2 Kg7 33. Rd7 Rc7 34. Be4 Qxe4 35. Rxc7 Nxf4 36. Rxf7+ Kg8 37. Rxf4 Qxe5 38. Kg1 Qa1+ 39. Qf1 Qg7 40. Qd1 Qe7 41. Rf2 Bc6 42. Qd2 e5 43. Rf1 e4 44. Rd1 Qe5 45. Qd8+ Kg7 46. Qd6 Qh5 47. Rf1 Kh6 48. Qxc6 e3 49. Qf3 Qe5 50. Qf4+ 1-0